Top Ten Most Frequently Used Apps in the World - Statistics

General Stats
  • This quiz has been taken 715 times
  • The average score is 5 of 10
Answer Stats
# Answer % Correct
2 Facebook
93%
10 Instagram
84%
6 Twitter
78%
4 Google+
69%
3 Youtube
57%
9 Whatsapp
50%
1 Google Maps
28%
7 Skype
21%
8 Facebook Messenger
10%
5 WeChat
7%
No matching quizzes found
Score Distribution
Percent of People with Each Score
Percentile by Number Answered
Your Score History
You have not taken this quiz